Math General Knowledge - Hard - Statistics

General Stats
  • This quiz has been taken 97 times
    92 since last reset
  • The average score is 10 of 16
Answer Stats
Hint Answer % Correct
If you square a square, you're left with a number raised to the nth power. What is n? 4
92%
What is the smallest positive four-digit palindrome? 1001
81%
These are the first ten items of what famous sequence: 1,1,2,3,5,8,13,21,34,55 Fibonacci
81%
In a normal distribution, 99.7% of data points are expected to be within how many standard deviation of the mean? 3
80%
The set of whole numbers includes one more number than the set of natural numbers. What is this additional number? 0
78%
What is the square root of 2025? 45
73%
What greek letter is often used to represent angles? Theta
69%
What two-dimensional shape maximizes area? Circle
68%
The ratio 1:1.618 is better known as the "_". Golden Ratio
65%
What is "e" approximated to 3 decimal places? 2.718
64%
The two main components of calculus are integration and what else? Differentiation
47%
In what cipher is each letter replaced by another letter a fixed number of positions down the alphabet? Caesar
41%
The rectangular plane is often also known as the "_ plane". Cartesian
35%
Whose theorem shows that no three positive integers (a,b,c) can satisfy aⁿ + bⁿ = cⁿ for any integer value of n greater than 2? Fermat's
32%
P(A|B) = P(A ∩ B) / P(B) is the formula for what? Conditional Probability
28%
What comes next in this sequence: addition, multiplication, exponentiation, tetration Pentation
26%
No matching quizzes found
Score Distribution
Percent of People with Each Score
Percentile by Number Answered
Your Score History
You have not taken this quiz since the last reset